000 00626nam a2200205Ia 4500
003 GCL
008 140319s9999 xx 000 0 ara d
020 _a9775810977
040 _aGCL /
_cGCL
082 0 4 _a272.2
_bس ا
100 1 _aسيد القمنى
245 1 0 _aاسرائيل التوارة التاريخ التضليل /
_cسيد القمنى
260 _aالقاهرة :
_bدار قباء للطباعة والنشر والتوزيع ،
_c1998
300 _a315 ص ؛
_c18 سم
650 0 4 _aتاريخ
650 0 4 _aاسرائيل
650 0 4 _aالتوراة
650 0 4 _aاليهود
942 _2ddc
_cBK
999 _c8750
_d8750